Statystyki dla Państwa Europy Według Granic w 30 Sekund

Kliknij tutaj aby rozwiązać quiz!

Ogólne statystyki

  • Ten quiz został rozwiązany 56 230 razy
  • Średni wynik to 34 z 43

Odpowiedzi na mapie

Odpowiedzi skodowane kolorowo w zielono-czerwonej skali na mapie do tego quizu, zgodnie z poniższymi procentami.
Ładowanie ...
 

Statystyki odpowiedzi

Kraj% Poprawnych
Niemcy
98%
Francja
98%
Polska
97%
Szwajcaria
96%
Białoruś
95%
Rosja
95%
Ukraina
95%
Czechy
95%
Włochy
94%
Hiszpania
94%
Litwa
94%
Słowacja
89%
Finlandia
89%
Norwegia
89%
Austria
88%
Belgia
87%
Holandia
87%
Andora
85%
Wielka Brytania
84%
Luksemburg
84%
Szwecja
83%
Słowenia
81%
Węgry
81%
Serbia
80%
Rumunia
78%
Bułgaria
77%
Portugalia
77%
Łotwa
74%
Macedonia
Północna
73%
Irlandia
72%
Estonia
71%
Chorwacja
70%
Czarnogóra
69%
Dania
67%
Grecja
66%
Watykan
65%
Albania
65%
San Marino
64%
Bośnia i
Hercegowina
64%
Mołdawia
60%
Kosowo
57%
Monako
55%
Liechtenstein
36%

Rozkład punktacji

Percentyl według liczby udzielonych odpowiedzi

Procent ludzi z każdym wynikiem

Twoja historia wyników

Nie rozwiązałeś tego quizu